A popular history of the Catholic Church / [por] Philip Hughes

שמור ב:
מידע ביבליוגרפי
מחבר ראשי: Hughes, Philip (autor)
פורמט: ספר
נושאים:
תגים: הוספת תג
אין תגיות, היה/י הראשונ/ה לתייג את הרשומה!

MARC

LEADER 00000nam^a2200000^u^4500
001 000538922
005 20250521000000.0
008 060220s1000^^^^^^^^^^^^r^^^^^000^0^spa^d
009 20260310131130.434
035 |a FMI 000005871 
037 |a Acervo Xavier Clavigero 
096 |a 3.1/66/B 
100 |a Hughes, Philip  |e (autor) 
245 1 2 |a A popular history of the Catholic Church / [por] Philip Hughes 
264 |a New York, NY : Macmillan, 1947 
300 |a 320 p. 
336 |a texto  |b txt  |2 rdacontenido 
337 |a sin mediación  |b n  |2 rdamedio 
338 |a volumen  |b nc  |2 rdasoporte 
649 |a XX 
650 |a HISTORIA DE LA IGLESIA 
910 |a Fondo Francisco Migoya Covarrubias S.J. 
920 |a Impresos - Libros 
930 |a Fondos Especiales 
905 |a 134 
901 |a SBC21097  |b IT2  |c ESP  |u 20250521 
902 |a https://opac.biblio.iteso.mx/vufind/Record/000538922